[Event "TCh-FRA Top 12 2019"]
[Site "Brest FRA"]
[Date "2019.05.21"]
[Round "4.5"]
[Board "7"]
[White "Oparin, Grigoriy"]
[Black "Guichard, Pauline"]
[Result "1-0"]
[WhiteTitle "GM"]
[BlackTitle "WGM"]
[WhiteElo "2624"]
[BlackElo "2430"]
[WhiteTeam "Asnieres - Le Grand Echiquier"]
[BlackTeam "Clichy-Echecs-92"]
[WhiteFideId "24125890"]
[BlackFideId "639370"]
[EventDate "2019.05.18"]

1. e4 e5 2. Nf3 Nc6 3. Bc4 Nf6 4. d3 Be7 5. O-O O-O 6. Re1 d6 7. a3 h6 8. Nc3
Nh7 9. Nd5 Bg4 10. h3 Bh5 11. g4 Bg6 12. Kg2 Kh8 13. Be3 Rc8 14. b4 Ng5 15. Nxe7
Nxf3 16. Qxf3 Qxe7 17. b5 Nd8 18. a4 c5 19. bxc6 bxc6 20. Rab1 c5 21. Bd5 Nc6
22. c3 Qd7 23. Rb5 f6 24. Reb1 Bf7 25. Bxc6 Qxc6 26. c4 Be6 27. a5 Kg8 28. Kg3
Rc7 29. Qe2 Bc8 30. Rb8 Rcf7 31. f3 Ba6 32. h4 Qc7 33. Rxf8+ Rxf8 34. Bd2 Rb8
35. Rxb8+ Qxb8 36. g5 hxg5 37. hxg5 fxg5 38. Bxg5 Bc8 39. f4 exf4+ 40. Bxf4 Qc7
41. Qh5 Qd7 42. Kf2 Kf8 43. Qg6 Ke7 44. Qxg7+ Kd8 45. Qh8+ Kc7 46. e5 Qf5 47.
exd6+ Kb7 48. Qh1+ Kb8 49. Qf3 Qd7 50. Qe3 Kb7 51. Qxc5 Ka6 52. Ke3 Qe8+ 53. Kd2
Bd7 54. Be3 Qb8 55. Kc3 Ba4 56. Qxa7+ Qxa7 57. Bxa7 Kxa7 58. Kb4 Be8 59. d4 Kb7
60. d5 Bf7 61. a6+ 1-0

[Event "TCh-FRA Top 12 2019"]
[Site "Brest FRA"]
[Date "2019.05.21"]
[Round "4.5"]
[Board "8"]
[White "Delorme, Axel"]
[Black "Skripchenko, Almira"]
[Result "1-0"]
[WhiteTitle "GM"]
[BlackTitle "IM"]
[WhiteElo "2489"]
[BlackElo "2406"]
[WhiteTeam "Clichy-Echecs-92"]
[BlackTeam "Asnieres - Le Grand Echiquier"]
[WhiteFideId "632023"]
[BlackFideId "13900145"]
[EventDate "2019.05.18"]

1. e4 c5 2. Nf3 e6 3. d4 cxd4 4. Nxd4 Nf6 5. Nc3 Nc6 6. Ndb5 Bb4 7. a3 Bxc3+ 8.
Nxc3 d5 9. Bd3 d4 10. Ne2 e5 11. O-O O-O 12. h3 Re8 13. Ng3 h6 14. Bd2 a6 15.
Qf3 Nh7 16. Nf5 Ng5 17. Qg4 Qf6 18. h4 Nh7 19. Rae1 Bxf5 20. exf5 Kh8 21. Re2
Qd6 22. Rfe1 Nf6 23. Qh3 Qc5 24. f3 Nd5 25. g4 Ne3 26. Bxe3 dxe3 27. Rxe3 Red8
28. Qg2 Qb6 29. b3 Qc5 30. g5 Rd4 31. b4 Qd6 32. Qg3 a5 33. b5 Rxd3 34. cxd3 Nd4
35. Rxe5 Rg8 36. Qf2 b6 37. R1e4 Nb3 38. Qe3 f6 39. Re8 Qg3+ 40. Kf1 Qh3+ 41.
Kg1 Qg3+ 42. Kf1 Qh3+ 43. Ke2 hxg5 44. hxg5 Qg2+ 45. Kd1 fxg5 46. f6 Qf1+ 47.
Kc2 Na1+ 48. Kb2 Qd1 49. Rxg8+ 1-0

[Event "TCh-FRA Top 12 2019"]
[Site "Brest FRA"]
[Date "2019.05.21"]
[Round "4.6"]
[Board "2"]
[White "Praggnanandhaa, R"]
[Black "Heimann, Andreas"]
[Result "1/2-1/2"]
[WhiteTitle "GM"]
[BlackTitle "GM"]
[WhiteElo "2536"]
[BlackElo "2627"]
[WhiteTeam "Cannes Echecs"]
[BlackTeam "Mulhouse Philidor"]
[WhiteFideId "25059530"]
[BlackFideId "24624632"]
[EventDate "2019.05.18"]

1. e4 e5 2. Nf3 Nc6 3. Bb5 Nf6 4. d3 Bc5 5. c3 O-O 6. O-O d6 7. Ba4 Ne7 8. Bc2
Ng6 9. d4 Bb6 10. a4 c6 11. dxe5 Nxe5 12. Nxe5 dxe5 13. Qxd8 Rxd8 14. a5 Bc5 15.
Nd2 Be6 16. Re1 Ne8 17. Nb3 Be7 18. f3 b6 19. Be3 c5 20. Nd2 f6 21. g3 c4 22.
Ba4 Rab8 23. axb6 axb6 24. Bxe8 Rxe8 25. Ra6 Red8 26. Nf1 Bh3 27. Nd2 b5 28. Kf2
h5 29. f4 b4 30. fxe5 bxc3 31. bxc3 Rb2 32. Re2 Bg4 33. Nf3 Rxe2+ 34. Kxe2 fxe5
35. h3 Bxf3+ 36. Kxf3 Rd3 37. Ke2 Rxc3 38. Re6 Bf6 39. g4 Rc2+ 40. Kf3 Rc3 41.
Ke2 Rc2+ 42. Kf3 Kf7 43. Rc6 hxg4+ 44. hxg4 Rc3 45. Ke2 Rc2+ 46. Kf3 Bd8 47. g5
g6 48. Rd6 Be7 49. Rc6 c3 50. Rc7 Ke8 51. Rc6 Kf7 52. Rc7 Ke8 53. Rc6 Kd7 54.
Rxg6 Ra2 55. Rb6 c2 56. Rb7+ Kc6 57. Rxe7 Ra3 58. Ke2 Rxe3+ 59. Kd2 Rxe4 60.
Kxc2 Kd6 61. Ra7 Rg4 62. g6 Ke6 63. Kd3 Kf6 64. g7 Rg3+ 65. Ke4 Rxg7 66. Rxg7
Kxg7 67. Kxe5 1/2-1/2

[Event "TCh-FRA Top 12 2019"]
[Site "Brest FRA"]
[Date "2019.05.21"]
[Round "4.6"]
[Board "3"]
[White "Gledura, Benjamin"]
[Black "Tabatabaei, M.amin"]
[Result "1-0"]
[WhiteTitle "GM"]
[BlackTitle "GM"]
[WhiteElo "2645"]
[BlackElo "2610"]
[WhiteTeam "Mulhouse Philidor"]
[BlackTeam "Cannes Echecs"]
[WhiteFideId "712779"]
[BlackFideId "12521213"]
[EventDate "2019.05.18"]

1. d4 Nf6 2. c4 c5 3. d5 g6 4. Nc3 Bg7 5. e4 d6 6. h3 O-O 7. Nf3 a6 8. a4 e6 9.
Bd3 a5 10. O-O e5 11. Nh2 Nh5 12. Ra3 Na6 13. Nb5 Nb4 14. Bb1 b6 15. Re1 Rb8 16.
g3 Rb7 17. Ng4 Kh8 18. h4 f6 19. Nh6 Nf4 20. gxf4 Bxh6 21. Nxd6 Rg7 22. Nxc8
Bxf4 23. Bxf4 exf4 24. Qf3 g5 25. hxg5 f5 26. Qxf4 fxe4 27. Qxe4 Qxg5+ 28. Rg3
Qf6 29. Rxg7 Qxg7+ 30. Qg2 Qxg2+ 31. Kxg2 Rxc8 32. Re7 Rg8+ 33. Kf3 Rg7 34. Re8+
Rg8 35. Rxg8+ Kxg8 36. Kf4 Kg7 37. Ke5 h5 38. Kd6 h4 39. Ke7 h3 40. Be4 1-0

[Event "TCh-FRA Top 12 2019"]
[Site "Brest FRA"]
[Date "2019.05.21"]
[Round "4.6"]
[Board "4"]
[White "Genzling, Alain"]
[Black "Smith, Axel"]
[Result "1/2-1/2"]
[WhiteTitle "IM"]
[BlackTitle "GM"]
[WhiteElo "2376"]
[BlackElo "2481"]
[WhiteTeam "Cannes Echecs"]
[BlackTeam "Mulhouse Philidor"]
[WhiteFideId "632708"]
[BlackFideId "1707930"]
[EventDate "2019.05.18"]

1. c4 e5 2. Nc3 Bb4 3. g3 Bxc3 4. dxc3 d6 5. e4 Nc6 6. Bg2 Nge7 7. Be3 Be6 8. b3
O-O 9. Qd2 f5 10. f3 a6 11. Nh3 Kh8 12. Ng5 Bg8 13. exf5 Nxf5 14. Bf2 b5 15. f4
Qe8 16. O-O bxc4 17. fxe5 Nxe5 18. Bxa8 Qxa8 19. Bd4 h6 20. Bxe5 dxe5 21. Rae1
hxg5 22. Rxe5 Nh6 23. Rxf8 Qxf8 24. Rxg5 cxb3 25. axb3 Bxb3 26. Qd4 Bg8 27. h4
Bh7 28. Rd5 Qf3 29. Rg5 Nf5 30. Qd8+ Bg8 31. Qf8 Qe3+ 32. Kh2 Qf2+ 33. Kh3 Qf1+
34. Kh2 Qe2+ 35. Kh3 Qf1+ 36. Kh2 Qe2+ 37. Kh3 Qf1+ 1/2-1/2

[Event "TCh-FRA Top 12 2019"]
[Site "Brest FRA"]
[Date "2019.05.21"]
[Round "4.6"]
[Board "5"]
[White "Sokolov, Andrei1"]
[Black "Bressac, Stephane"]
[Result "1-0"]
[WhiteTitle "GM"]
[BlackTitle "FM"]
[WhiteElo "2496"]
[BlackElo "2358"]
[WhiteTeam "Mulhouse Philidor"]
[BlackTeam "Cannes Echecs"]
[WhiteFideId "627089"]
[BlackFideId "655945"]
[EventDate "2019.05.18"]

1. e4 d6 2. d4 Nf6 3. Nc3 e5 4. Nf3 Nbd7 5. Bc4 Be7 6. O-O O-O 7. Re1 c6 8. a4
exd4 9. Nxd4 Ne5 10. Be2 Re8 11. a5 Bd7 12. Bf4 Qc7 13. Bg3 Bf8 14. h3 Rad8 15.
Qb1 Bc8 16. Qa2 d5 17. exd5 Nxd5 18. Nxd5 Rxd5 19. Nf3 Bb4 20. c3 Rxa5 21. Bxe5
Rexe5 22. Qc4 Rxa1 23. Rxa1 b5 24. Qf4 Bd6 25. Nxe5 Bxe5 26. Qe3 a5 27. Bg4 Bxg4
28. hxg4 g6 29. Re1 Bd6 30. Qd4 Qb8 31. Rd1 Bf8 32. Qf6 Qc7 33. Rd8 a4 34. g3 h6
35. Ra8 Qd7 36. Rd8 Qc7 37. Ra8 Qd7 38. Qd8 Qxd8 39. Rxd8 c5 40. Ra8 Kg7 41. Ra5
b4 42. Rxa4 Kf6 43. cxb4 cxb4 44. Ra5 Bd6 45. Rb5 Ke6 46. Kf1 Kd7 47. Rb7+ Ke6
48. Ke2 f5 49. gxf5+ Kxf5 50. Rb6 Be7 51. f4 g5 52. Rxh6 gxf4 53. gxf4 Kxf4 54.
Kd3 Ke5 55. Kc4 Bf8 56. Rb6 1-0

[Event "TCh-FRA Top 12 2019"]
[Site "Brest FRA"]
[Date "2019.05.21"]
[Round "4.6"]
[Board "6"]
[White "Delabaca, Romuald"]
[Black "Istratescu, Andrei"]
[Result "0-1"]
[WhiteTitle "FM"]
[BlackTitle "GM"]
[WhiteElo "2360"]
[BlackElo "2555"]
[WhiteTeam "Cannes Echecs"]
[BlackTeam "Mulhouse Philidor"]
[WhiteFideId "614661"]
[BlackFideId "1200372"]
[EventDate "2019.05.18"]

1. e4 c5 2. Nf3 Nc6 3. Bb5 g6 4. Bxc6 bxc6 5. O-O Bg7 6. Re1 d6 7. h3 Nh6 8. c3
O-O 9. d4 Qb6 10. dxc5 Qxc5 11. Bf4 f6 12. Nbd2 Nf7 13. Qa4 Qb6 14. Be3 Qb7 15.
Qb3 c5 16. Qd5 Rb8 17. Nc4 f5 18. Qxb7 Rxb7 19. exf5 Bxf5 20. Rad1 Be6 21. Nfd2
Bd5 22. Bf4 Nd8 23. Bg3 Nc6 24. Re2 Rfb8 25. Rc1 Bh6 26. f4 a5 27. b3 a4 28. Ne3
Bf7 29. bxa4 Ra8 30. Rb1 Rxb1+ 31. Nxb1 Rxa4 32. a3 Bxf4 33. Bxf4 Rxf4 34. Rb2
Be6 35. Rb6 Ne5 36. Ra6 Kf7 37. a4 Nc4 0-1

[Event "TCh-FRA Top 12 2019"]
[Site "Brest FRA"]
[Date "2019.05.21"]
[Round "4.6"]
[Board "7"]
[White "Burri, Quentin"]
[Black "Ludwig, Remi"]
[Result "1/2-1/2"]
[WhiteTitle "IM"]
[WhiteElo "2425"]
[BlackElo "2312"]
[WhiteTeam "Mulhouse Philidor"]
[BlackTeam "Cannes Echecs"]
[WhiteFideId "26028654"]
[BlackFideId "653993"]
[EventDate "2019.05.18"]

1. e4 e6 2. d4 d5 3. Nc3 Bb4 4. e5 c5 5. Bd2 Ne7 6. a3 Bxc3 7. Bxc3 b6 8. Bb5+
Bd7 9. Bd3 Nbc6 10. f4 Nxd4 11. Bxd4 cxd4 12. Nf3 h6 13. Nxd4 Nc6 14. Nxc6 Bxc6
15. Qe2 d4 16. Be4 Qd7 17. O-O-O Rd8 18. Rd2 Bxe4 19. Qxe4 Qd5 20. Qxd5 Rxd5 21.
Rhd1 g5 22. Rxd4 gxf4 23. Rxd5 exd5 24. Rxd5 Rg8 25. Rd2 Ke7 26. Kd1 Ke6 27. Ke1
Kxe5 28. Kf2 Rc8 29. c3 a5 30. Rd4 b5 31. Ke2 f6 32. Rd7 b4 33. axb4 axb4 34.
cxb4 Rc2+ 35. Rd2 Rc4 36. Kd3 Rxb4 37. Kc3 Rb8 38. b4 h5 39. Rb2 Ke4 40. b5 f3
41. gxf3+ Kxf3 42. b6 h4 43. Kd2 Kf2 44. b7 h3 45. Kd3+ Kf3 46. Kd4 f5 47. Rb3+
Kg2 48. Ke3 f4+ 49. Kxf4 Rf8+ 50. Ke4 Re8+ 51. Kf5 Rf8+ 52. Ke5 Re8+ 53. Kd6
Kxh2 54. b8=Q Rxb8 55. Rxb8 Kg2 56. Rg8+ Kf2 57. Rh8 Kg2 58. Rxh3 Kxh3 59. Ke5 1/2-1/2

[Event "TCh-FRA Top 12 2019"]
[Site "Brest FRA"]
[Date "2019.05.21"]
[Round "4.6"]
[Board "8"]
[White "Verot, Melanie"]
[Black "Haussernot, Cecile"]
[Result "0-1"]
[BlackTitle "WIM"]
[WhiteElo "2069"]
[BlackElo "2097"]
[WhiteTeam "Cannes Echecs"]
[BlackTeam "Mulhouse Philidor"]
[WhiteFideId "631043"]
[BlackFideId "601632"]
[EventDate "2019.05.18"]

1. d4 d5 2. Nf3 Nf6 3. Bf4 c5 4. c3 Qb6 5. Qc2 Nc6 6. e3 Bf5 7. dxc5 Bxc2 8.
cxb6 Bxb1 9. Rxb1 axb6 10. Bb5 Nd7 11. O-O e6 12. Rfd1 Rxa2 13. c4 dxc4 14. Bxc4
Ra5 15. Ra1 Bb4 16. Rxa5 bxa5 17. Bb5 Ke7 18. h4 Nb6 19. e4 Rc8 20. Be3 Nd7 21.
Ne1 Nc5 22. f3 Nb3 23. Kf1 Ne5 24. Ba4 Nc5 25. Bb5 Nb3 26. Ba4 Nc4 27. Rd7+ Kf8
28. Bxb3 Nxe3+ 29. Kf2 Bxe1+ 30. Kxe3 b5 31. Rb7 Rc5 32. Rb8+ Ke7 33. Rb7+ Kf6
34. Bd1 Bxh4 35. Be2 b4 36. f4 g5 37. e5+ Kg6 38. Bb5 Bg3 39. fxg5 Rxe5+ 40. Kf3
Bh4 41. g4 Bxg5 42. Be8 Re3+ 43. Kf2 Rb3 44. Rxf7 Rxb2+ 45. Kf3 Kh6 46. Ra7 Rb3+
47. Ke2 Re3+ 48. Kd1 b3 49. Rxa5 Bf6 50. Ba4 b2 51. Rb5 Bc3 52. g5+ Kg7 53. Rb7+
Kf8 54. Rb8+ Ke7 55. Rb7+ Kd6 56. Rd7+ Ke5 57. Kc2 Re1 0-1

[Event "TCh-FRA Top 12 2019"]
[Site "Brest FRA"]
[Date "2019.05.22"]
[Round "5.1"]
[Board "1"]
[White "Donchenko, Alexander"]
[Black "Villegas, Pierre"]
[Result "1-0"]
[WhiteTitle "GM"]
[BlackTitle "IM"]
[WhiteElo "2595"]
[BlackElo "2354"]
[WhiteTeam "Vandoeuvre-Echecs"]
[BlackTeam "C.E.M.C. Monaco"]
[WhiteFideId "24603295"]
[BlackFideId "654183"]
[EventDate "2019.05.18"]

1. c4 e6 2. g3 d5 3. Bg2 Nf6 4. Nf3 d4 5. d3 c5 6. e4 Nc6 7. e5 Nd7 8. Bf4 Be7
9. h4 O-O 10. Nbd2 f6 11. exf6 gxf6 12. Ne4 e5 13. Bh6 Rf7 14. g4 Nf8 15. Bh3
Ne6 16. Qe2 b5 17. b3 bxc4 18. bxc4 Rb8 19. Kf1 Kh8 20. Bc1 Qc7 21. Ng3 Ng7 22.
h5 Bd7 23. Nh4 Nd8 24. Bg2 Bc6 25. Bd5 Bxd5 26. cxd5 Qd7 27. Qf3 Nb7 28. g5 1-0

[Event "TCh-FRA Top 12 2019"]
[Site "Brest FRA"]
[Date "2019.05.22"]
[Round "5.1"]
[Board "2"]
[White "Kosten, Anthony C."]
[Black "Hamitevici, Vladimir"]
[Result "1/2-1/2"]
[WhiteTitle "GM"]
[BlackTitle "GM"]
[WhiteElo "2419"]
[BlackElo "2476"]
[WhiteTeam "C.E.M.C. Monaco"]
[BlackTeam "Vandoeuvre-Echecs"]
[WhiteFideId "400114"]
[BlackFideId "13902393"]
[EventDate "2019.05.18"]

1. Nf3 Nf6 2. c4 b6 3. g3 Bb7 4. Bg2 g6 5. b3 Bg7 6. Bb2 O-O 7. O-O e6 8. Nc3
Re8 9. d4 Ne4 10. Qc2 Nxc3 11. Bxc3 d5 12. Nd2 Nc6 13. e3 Ne7 14. b4 Nf5 15. a4
c5 16. dxc5 Bxc3 17. Qxc3 bxc5 18. bxc5 d4 19. exd4 Bxg2 20. Kxg2 Qxd4 21. Qxd4
Nxd4 22. Rab1 Rec8 23. Ne4 f5 24. Rfd1 e5 25. Nf6+ Kg7 26. Nd7 Nc6 27. Rb7 Na5
28. c6 Rxc6 29. Nxe5+ Nxb7 30. Rd7+ Kf6 31. Nxc6 Nc5 32. Rxh7 a5 33. Ra7 Rxa7
34. Nxa7 Ke6 35. Nc6 Nb3 36. h4 Kd6 37. Nd8 Nc5 38. Kf3 Kd7 39. Nf7 Ke6 40. Ng5+
Ke7 41. Ke3 Nxa4 42. Kd4 Nb2 43. Nh3 a4 44. Nf4 a3 45. Nd5+ Ke6 46. Nb4 Nd1 47.
f3 Nf2 48. c5 Nh1 49. g4 fxg4 50. fxg4 Nf2 51. h5 Nxg4 52. hxg6 Nh6 53. c6 Nf5+
54. Kc5 Ne7 55. c7 Nc8 56. Kc6 Kf6 57. Kd7 Na7 58. c8=Q Nxc8 59. Kxc8 1/2-1/2

[Event "TCh-FRA Top 12 2019"]
[Site "Brest FRA"]
[Date "2019.05.22"]
[Round "5.1"]
[Board "3"]
[White "Solodovnichenko, Yuri"]
[Black "Cramling, Pia"]
[Result "0-1"]
[WhiteTitle "GM"]
[BlackTitle "GM"]
[WhiteElo "2572"]
[BlackElo "2454"]
[WhiteTeam "Vandoeuvre-Echecs"]
[BlackTeam "C.E.M.C. Monaco"]
[WhiteFideId "14104369"]
[BlackFideId "1700030"]
[EventDate "2019.05.18"]

1. e4 c5 2. Nf3 e6 3. d4 cxd4 4. Nxd4 Nc6 5. Nc3 a6 6. a3 d6 7. Be3 Nf6 8. f4
Be7 9. Qf3 e5 10. Nxc6 bxc6 11. Bc4 exf4 12. Bxf4 O-O 13. O-O Be6 14. Bxe6 fxe6
15. Qh3 e5 16. Bg5 Qc8 17. Qd3 Qe6 18. Rad1 Ng4 19. Bxe7 Qxe7 20. Qc4+ Kh8 21.
Qxc6 Qa7+ 22. Kh1 Nf2+ 23. Rxf2 Rxf2 24. Qxd6 Raf8 25. Qd3 Qd4 26. h3 Qxd3 27.
Rxd3 Rxc2 28. Nd1 h6 29. b4 Rc4 30. Nc3 Rfc8 31. Na4 Rxe4 32. Nc5 Re1+ 33. Kh2
a5 34. Kg3 axb4 35. axb4 Rb1 36. Re3 Rxb4 37. Rxe5 Rb5 38. Nd7 Rb2 39. Rc5 Ra8
40. h4 Kg8 41. h5 Raa2 42. Rc8+ Kf7 43. Ne5+ Ke6 44. Re8+ Kf5 45. Kh3 Rxg2 46.
Nf3 Kf6 47. Rf8+ Ke7 48. Rf4 Rge2 49. Nh4 Ke6 50. Nf3 Ra3 51. Kg4 Rg2+ 52. Kh4
Rga2 53. Kg3 Ra4 54. Rf8 Ra8 55. Rf4 R2a4 56. Nd4+ Kd5 0-1

[Event "TCh-FRA Top 12 2019"]
[Site "Brest FRA"]
[Date "2019.05.22"]
[Round "5.1"]
[Board "4"]
[White "Cornette, Deimante"]
[Black "Bailet, Pierre"]
[Result "1/2-1/2"]
[WhiteTitle "IM"]
[BlackTitle "IM"]
[WhiteElo "2433"]
[BlackElo "2466"]
[WhiteTeam "C.E.M.C. Monaco"]
[BlackTeam "Vandoeuvre-Echecs"]
[WhiteFideId "12802859"]
[BlackFideId "655830"]
[EventDate "2019.05.18"]

1. e4 e5 2. Nf3 Nc6 3. Bb5 a6 4. Ba4 d6 5. O-O Bd7 6. c3 g6 7. d4 Bg7 8. Bg5
Nge7 9. d5 Nb8 10. Bxd7+ Nxd7 11. c4 h6 12. Be3 f5 13. Nc3 O-O 14. Ne1 f4 15.
Bd2 Nf6 16. f3 g5 17. Nd3 Ng6 18. b4 Rf7 19. Rc1 Bf8 20. Be1 h5 21. Rf2 g4 22.
Rfc2 g3 23. hxg3 fxg3 24. Bxg3 Bh6 25. Rb1 h4 26. Bh2 Be3+ 27. Nf2 Nh5 28. Kf1
Qd7 29. Qd3 Bf4 30. Bxf4 Ngxf4 31. Qe3 Ng3+ 32. Kg1 Raf8 33. Ng4 Rh7 34. Kh2 Qg7
35. Ne2 Ngxe2 36. Rxe2 Nxe2 37. Qxe2 Qg5 38. Qe3 Rf4 39. Re1 Rhf7 40. Kh3 Rg7
41. Re2 b6 42. Kh2 Rgf7 43. Kh3 Kg7 44. Re1 Rf8 1/2-1/2

[Event "TCh-FRA Top 12 2019"]
[Site "Brest FRA"]
[Date "2019.05.22"]
[Round "5.1"]
[Board "5"]
[White "Brunner, Nicolas"]
[Black "Sulava, Nenad"]
[Result "1/2-1/2"]
[WhiteTitle "IM"]
[BlackTitle "GM"]
[WhiteElo "2422"]
[BlackElo "2422"]
[WhiteTeam "Vandoeuvre-Echecs"]
[BlackTeam "C.E.M.C. Monaco"]
[WhiteFideId "620246"]
[BlackFideId "14500205"]
[EventDate "2019.05.18"]

1. d4 e6 2. c4 b6 3. e4 Bb7 4. Bd3 Bb4+ 5. Bd2 Bxd2+ 6. Qxd2 f5 7. Nc3 Nf6 8. f3
Nc6 9. Nge2 fxe4 10. fxe4 e5 11. d5 Ne7 12. O-O 1/2-1/2

[Event "TCh-FRA Top 12 2019"]
[Site "Brest FRA"]
[Date "2019.05.22"]
[Round "5.1"]
[Board "6"]
[White "Efimov, Igor"]
[Black "Philippe, Christophe"]
[Result "1-0"]
[WhiteTitle "GM"]
[BlackTitle "IM"]
[WhiteElo "2439"]
[BlackElo "2378"]
[WhiteTeam "C.E.M.C. Monaco"]
[BlackTeam "Vandoeuvre-Echecs"]
[WhiteFideId "806404"]
[BlackFideId "610038"]
[EventDate "2019.05.18"]

1. Nf3 Nf6 2. d4 g6 3. g3 Bg7 4. Bg2 O-O 5. O-O d6 6. Re1 Nbd7 7. e4 e5 8. Nc3
c6 9. a4 a5 10. h3 Qc7 11. b3 Re8 12. Ba3 h6 13. Qd2 Kh7 14. Rad1 exd4 15. Nxd4
Nc5 16. e5 Rxe5 17. Rxe5 dxe5 18. Nxc6 Bxh3 19. Bxh3 Qxc6 20. Bg2 e4 21. Bxc5
Qxc5 22. Nxe4 Nxe4 23. Bxe4 Re8 24. Bxb7 Bc3 25. Qf4 Kg7 26. Bd5 Re7 27. Bc4 Qh5
28. Qd6 Bf6 29. Kg2 Qg4 30. Rd3 Qe4+ 31. Rf3 Qe5 32. Qb6 Qa1 33. Rd3 Re1 34. Qb7
Re7 35. Qa8 Qe1 36. Rf3 Qe5 37. Bb5 Qe4 38. Qxa5 g5 39. Bd3 Qc6 40. Qf5 Re6 41.
Qh7+ Kf8 42. Bb5 Qb7 43. Qxh6+ Ke7 44. Qh5 Rd6 45. Bc4 Kf8 46. a5 Kg7 47. a6 Qa7
48. Qg4 Qa8 49. Qf5 Qc6 50. Bd3 Re6 51. b4 1-0

[Event "TCh-FRA Top 12 2019"]
[Site "Brest FRA"]
[Date "2019.05.22"]
[Round "5.1"]
[Board "7"]
[White "Nezar, Mustapha"]
[Black "Dornbusch, Tatiana"]
[Result "1-0"]
[WhiteTitle "IM"]
[BlackTitle "WGM"]
[WhiteElo "2339"]
[BlackElo "2285"]
[WhiteTeam "Vandoeuvre-Echecs"]
[BlackTeam "C.E.M.C. Monaco"]
[WhiteFideId "608637"]
[BlackFideId "14107449"]
[EventDate "2019.05.18"]

1. Nf3 Nf6 2. c4 d6 3. g3 e5 4. Bg2 Nc6 5. Nc3 Bg4 6. h3 Be6 7. d3 h6 8. Qb3 Rb8
9. Nd5 b5 10. Nxf6+ gxf6 11. Qc2 bxc4 12. dxc4 Nb4 13. Qa4+ Bd7 14. Qd1 Bf5 15.
O-O Nc2 16. Nh4 Bh7 17. Rb1 Nd4 18. e4 f5 19. Be3 Be7 20. Bxd4 Bxh4 21. Bxa7 Ra8
22. Be3 Bf6 23. exf5 Rxa2 24. Be4 Ke7 25. Kh2 Qb8 26. b4 Bg5 27. Qb3 Ra6 28. b5
Ra5 29. Bxg5+ hxg5 30. Qe3 f6 31. b6 c5 32. b7 Qa7 33. Rb3 Rb8 34. Qd3 Bg8 35.
Bd5 Bh7 36. Rfb1 Ra2 37. Kg2 Qa5 38. Rb5 Qa3 39. R5b3 Qa5 40. g4 Rd2 41. Qc3
Qxc3 42. Rxc3 Rxd5 43. cxd5 Bg8 44. Rd3 c4 45. Rdd1 Kd8 46. Rb5 Kc7 47. Kf3 Rxb7
48. Rxb7+ Kxb7 49. Rb1+ Ka6 50. Ke4 Ka5 51. Rb7 c3 52. Rg7 Bxd5+ 53. Kxd5 Kb6
54. Rd7 c2 55. Rxd6+ Kb5 56. Rc6 1-0

[Event "TCh-FRA Top 12 2019"]
[Site "Brest FRA"]
[Date "2019.05.22"]
[Round "5.1"]
[Board "8"]
[White "Leconte, Maria"]
[Black "Thomas, Anysia"]
[Result "1/2-1/2"]
[WhiteTitle "WGM"]
[BlackTitle "WFM"]
[WhiteElo "2246"]
[BlackElo "2178"]
[WhiteTeam "C.E.M.C. Monaco"]
[BlackTeam "Vandoeuvre-Echecs"]
[WhiteFideId "618446"]
[BlackFideId "670472"]
[EventDate "2019.05.18"]

1. d4 Nf6 2. Bf4 g6 3. Nc3 d5 4. e3 Bg7 5. Be2 O-O 6. Nf3 c5 7. Ne5 Qb6 8. O-O
cxd4 9. exd4 Nc6 10. Nxc6 Qxc6 11. Be5 Be6 12. Bb5 Qc8 13. Bd3 Rd8 14. Qe2 Bg4
15. f3 Bf5 16. Rae1 Bxd3 17. Qxd3 Qc6 18. Rf2 Rac8 19. g4 Rd7 20. h4 h5 21. Rg2
Qe6 22. Bg3 Qc6 23. Be5 Qe6 24. Bg3 Qc6 25. Be5 1/2-1/2

[Event "TCh-FRA Top 12 2019"]
[Site "Brest FRA"]
[Date "2019.05.22"]
[Round "5.2"]
[Board "1"]
[White "Praggnanandhaa, R"]
[Black "Eljanov, Pavel"]
[Result "1/2-1/2"]
[WhiteTitle "GM"]
[BlackTitle "GM"]
[WhiteElo "2536"]
[BlackElo "2661"]
[WhiteTeam "Cannes Echecs"]
[BlackTeam "Nice Alekhine"]
[WhiteFideId "25059530"]
[BlackFideId "14102951"]
[EventDate "2019.05.18"]

1. e4 c6 2. d4 d5 3. e5 Bf5 4. h4 h5 5. c4 e6 6. Nc3 Ne7 7. Nge2 Nd7 8. Ng3 Bg6
9. Bg5 Qa5 10. Bd3 Bxd3 11. Qxd3 Qa6 12. b3 f6 13. exf6 gxf6 14. Bd2 dxc4 15.
bxc4 Nb6 16. Nce4 O-O-O 17. Rc1 Ng6 18. O-O Ne5 19. Qe2 Nexc4 20. Be3 Qa4 21.
Nxf6 Nxe3 22. Qxe3 Bg7 23. Qxe6+ Kb8 24. Nf5 Bxf6 25. Qxf6 Rhf8 26. Qe5+ Ka8 27.
Ng7 Rd5 28. Qh2 Rg8 29. Ne6 Rd7 30. Nc7+ Rxc7 31. Qxc7 Qxd4 32. Rfe1 Qxh4 33.
Re7 Rb8 34. Qe5 a6 35. Rb1 Nc4 36. Qg7 Nd6 37. Rd7 Qe4 38. Qh7 Qe6 39. Rd1 Nb5
40. Qc2 Qf6 41. Re1 Rg8 42. Qh7 Rf8 43. f3 Qc3 44. Qe7 Rg8 45. Red1 Qc2 46. R7d2
Qc4 47. Rd8+ Rxd8 48. Rxd8+ Ka7 49. Rd7 Ka8 50. Qe8+ Ka7 51. Qe3+ c5 52. Qe7
Qc1+ 53. Kh2 Qf4+ 54. Kh3 Qf5+ 55. Kh2 Qf4+ 56. Kh3 Qf5+ 57. Kg3 h4+ 58. Kxh4
Qf4+ 59. g4 Qh6+ 60. Kg3 Qc6 61. Qf7 Nd6 62. Qe7 Nb5 63. Kh2 Qb6 64. Rd5 Nc3 65.
Rxc5 Nd5 66. Qf8 Qb4 67. Rc8 Qd2+ 68. Kh3 Nf4+ 69. Kg3 Ne6 70. Ra8+ Kb6 71. Qf6
Qe1+ 72. Kg2 Qe2+ 1/2-1/2

[Event "TCh-FRA Top 12 2019"]
[Site "Brest FRA"]
[Date "2019.05.22"]
[Round "5.2"]
[Board "2"]
[White "Gharamian, Tigran"]
[Black "Karthikeyan, Murali"]
[Result "1/2-1/2"]
[WhiteTitle "GM"]
[BlackTitle "GM"]
[WhiteElo "2602"]
[BlackElo "2596"]
[WhiteTeam "Nice Alekhine"]
[BlackTeam "Cannes Echecs"]
[WhiteFideId "13301527"]
[BlackFideId "5074452"]
[EventDate "2019.05.18"]

1. b3 Nf6 2. Bb2 c5 3. Nf3 d6 4. c4 e5 5. Nc3 g6 6. g3 Bg7 7. Bg2 O-O 8. O-O Nc6
9. d3 Ne8 10. a3 Nc7 11. Ne1 Be6 12. b4 cxb4 13. axb4 d5 14. b5 Ne7 15. Qb3 Qd7
16. Nc2 Rfc8 17. Rfd1 d4 18. Ne4 Nxb5 19. Qa4 Nc3 20. Qxd7 Bxd7 21. Nxc3 dxc3
22. Bxc3 Bc6 23. Rdb1 b6 24. Ra6 Bxg2 25. Kxg2 e4 26. Bxg7 Kxg7 27. Nb4 exd3 28.
exd3 Nc6 29. Nxc6 Rxc6 30. Rb3 Rcc8 31. Rba3 Rd8 32. Rxa7 Rxa7 33. Rxa7 Rxd3 34.
Rb7 Rc3 35. Rxb6 Rxc4 1/2-1/2